Desplazados y refugiados
Guardado en:
| Format: | Texto |
|---|---|
| Tags: |
Tilføj Tag
Ingen Tags, Vær først til at tagge denne postø!
|
MARC
| LEADER | 00000 a a2200000 04500 | ||
|---|---|---|---|
| 001 | 169 | ||
| 003 | |||
| 040 | |||
| 245 | |a Desplazados y refugiados | ||
| 773 | |g volumen 31, número 2 -3; páginas 2-10 | ||
| 999 | |c 34905 |d 34905 | ||
| 773 | 0 | |0 42310 |9 3176 |a Centro de Estudios Pastoral y Asistencia Migratoria (CEPAM) |d s.l.: CEPAM |o 06248 |t Acontecer Migratorio / |w (cru CIDCACS/IIS)153 | |
